| 000 | 00982nam a2200289 i 4500 | ||
|---|---|---|---|
| 003 | DO-SdBNP | ||
| 005 | 20260220124631.0 | ||
| 007 | ta | ||
| 008 | 220419b1992 |||a|||| |||| 00| 0 spa d | ||
| 040 |
_aDO-SdBNP _bspa _cBNPHU _erda |
||
| 041 | _aspa | ||
| 082 | 4 |
_a305.235 _bM828d 1992 _222 |
|
| 100 | 1 |
_aA. Morales, H. Alfredo, _eautor _4aut. _922058 |
|
| 245 | 1 | 3 |
_aEl desafío de ser joven : _breflexiones educativas / _cH. Alfredo A. Morales. |
| 264 | 1 |
_aSanto Domingo : _beditor no identificado, _c1992. |
|
| 300 |
_a245 páginas : _bilustraciones ; _c19 cm. |
||
| 336 |
_atexto _btxt _2rdacontent |
||
| 337 |
_asin mediación _bn _2rdamedia |
||
| 338 |
_avolumen _bnc _2rdacarrier |
||
| 504 | _aBibliografía : páginas 249 | ||
| 590 | _aInventariado, 2022/BT | ||
| 650 | 4 |
_aJuventud _922059 |
|
| 650 | 4 |
_aEducación para la vida familiar _92729 |
|
| 650 | 7 |
_aAutorrealización (Psicología) _2LIBRUNAM _9211 |
|
| 650 | 7 |
_aConducta de vida _2LIBRUNAM _911947 |
|
| 942 |
_2ddc _cLBS1 |
||
| 999 |
_c51541 _d51541 |
||